|
|
|
|
| LEADER |
00000nab a2200000 ar4500 |
| 001 |
vtls009355136 |
| 003 |
SK-MaSNL |
| 005 |
20260304034403.0 |
| 008 |
081030c2007 xo wr|p|||||||000 b|slo |
| 015 |
|
|
|a SNBRB2007/08
|
| 038 |
|
|
|a PPPKCL
|
| 040 |
|
|
|a PPPKCL
|b slo
|c PPPK
|e AACR2
|
| 041 |
0 |
|
|a slo
|
| 044 |
|
|
|a xo
|c SK
|
| 080 |
|
|
|a 784.9
|2 2001
|
| 080 |
|
|
|a 78.071.2
|2 2001
|
| 245 |
0 |
0 |
|a Spevácke kurzy Petra Dvorského
|c [autor] - ti -
|
| 600 |
1 |
7 |
|a Dvorský, Peter,
|d 1951-
|2 pppkcl
|9 134770
|
| 610 |
2 |
7 |
|a BELLA MUSICA (občianske združenie : Košice, Slovensko)
|2 pppkcl
|9 1317175
|
| 611 |
2 |
7 |
|a Medzinárodné majstrovské spevácke kurzy Petra Dvorského
|n (1. :
|d 2007 :
|c Starý Smokovec, Slovensko)
|2 pppkcl
|9 1317176
|
| 648 |
|
7 |
|a 22.-27. 8. 2006
|2 pppkcl
|9 1317177
|
| 650 |
0 |
7 |
|a operní speváci
|2 pppkcl
|9 2849
|
| 650 |
0 |
7 |
|a spevácke kurzy
|2 pppkcl
|9 1236704
|
| 651 |
|
7 |
|a Vysoké Tatry (Slovensko : mesto)
|2 pppkcl
|9 176366
|
| 773 |
0 |
|
|t Tatry
|g Roč. VL, č. 6 (2006), s. 24
|x 1335-6828
|
| 852 |
|
|
|a PPPK
|b KIS3GCP
|
| 999 |
|
|
|c 2652821
|d 2654751
|